| 000 | 00393nam a2200145Ia 4500 | ||
|---|---|---|---|
| 008 | 230917s9999||||xx |||||||||||||| ||und|| | ||
| 040 |
_e65524 _aMAIN |
||
| 041 | _aEnglish | ||
| 082 | _a301.04 G556M | ||
| 100 | _aGoff, Tom W | ||
| 245 | 0 | _aMarx and Mead: contributions to a sociology to knowledge | |
| 260 |
_aLondon _bRoutledge & Kegan Paul _c1980 |
||
| 300 | _aviii, 166 p. | ||
| 942 | _cBK | ||
| 999 |
_c224342 _d224342 |
||